000 00454nam a2200133Ia 4500
008 220216s9999 xx 000 0 und d
100 _aJayawardena M P G S
245 0 _aComparative view of management in the plantation industry in Sri Lanka and Malaysia
260 _bProceedings of the International Rubber Conference, Colombo, 1984, V1. Part 2; p689-701
650 _aMalaysia
650 _aPlantation industry
650 _aSri Lanka
942 _cJS
999 _c55977
_d55977